000 00424nam a22001697i 4500
001 1782
003 OSt
005 20170126082259.0
007 tu
008 161220s1985 xxu||||| |||| 00| 0 d
024 7 _a1781
_2RID
040 _cOSt
084 _a23.2
_2z
245 0 0 _aInformation Bulgaria. A short encyklopaedie of the Peoples Republic of Bulgaria
260 _aNew York :
_bPergamon Press,
_c1985.
300 _a976 S. ;
_c30cm.
942 _cB
999 _c1763
_d1763